| 000 | 01323pam a2200373 a 4500 | ||
|---|---|---|---|
| 001 | 934441 | ||
| 003 | OSt | ||
| 005 | 20260402135931.0 | ||
| 008 | 831115s1984 nyua j 000 0 eng | ||
| 010 | _a 83020805 | ||
| 020 | _a0525669159 | ||
| 020 | _a9780525669159 | ||
| 035 | _a934441 | ||
| 040 |
_aDLC _cDLC _dDLC |
||
| 042 | _alcac | ||
| 050 | 0 | 0 |
_aQL785 _b.S18 1984 |
| 082 | 0 | 0 |
_a591.51 _219 |
| 100 | 1 | _aSattler, Helen Roney. | |
| 245 | 1 | 0 |
_aFish facts & bird brains : _banimal intelligence / _cHelen Roney Sattler ; illustrated by Giulio Maestro. |
| 250 | _a1st ed. | ||
| 260 |
_aNew York : _bLodestar Books/Dutton, _cc1984. |
||
| 300 |
_a127 p. : _bill. ; _c24 cm. |
||
| 336 |
_atext _btxt _2rdacontent |
||
| 337 |
_aunmediated _bn _2rdamedia |
||
| 338 |
_avolume _bnc _2rdacarrier |
||
| 520 | _aDiscusses the intelligence of a variety of animals and the observations and tests which have brought scientists to their conclusions. Includes tests for the reader to use with pets. | ||
| 650 | 0 |
_aAnimal intelligence _xJuvenile literature. |
|
| 650 | 1 | _aAnimal intelligence. | |
| 700 | 1 |
_aMaestro, Giulio, _eill. |
|
| 740 | 0 | _aFish facts and bird brains. | |
| 906 |
_a7 _bcbc _corignew _d1 _eocip _f19 _gy-gencatlg |
||
| 942 |
_2lcc _cBK |
||
| 999 |
_c266124 _d266123 |
||